[Event "II Oliver Gonzalez Memorial"]
[Site "Madrid ESP"]
[Date "2011.10.16"]
[Round "9.15"]
[White "Madurga Lopez,I"]
[Black "Martin Rueda,D"]
[Result "1/2-1/2"]
[WhiteElo "2057"]
[BlackElo "2311"]

1.e4 c5 2.Nf3 d6 3.d4 Nf6 4.Nc3 cxd4 5.Nxd4 Nc6 6.Bg5 e6 7.Qd2 a6 8.O-O-O Bd7
9.f3 h6 10.Be3 b5 11.Bd3 Rc8 12.Nxc6 Bxc6 13.Ne2 Qc7 14.Nd4 Bb7 15.Rhe1 Be7
16.g4 Nd7 17.g5 hxg5 18.Bxg5 Bxg5 19.Qxg5 Qc5 20.Nf5 exf5 21.exf5+ Ne5 22.f4 Rxh2
23.fxe5 Qxc2+ 24.Bxc2 Rcxc2+ 25.Kb1 Rxb2+ 26.Ka1 Rxa2+ 27.Kb1 Be4+ 28.Rxe4 Rab2+
29.Ka1 Ra2+ 30.Kb1 Rab2+ 31.Ka1 Ra2+  1/2-1/2

[Event "Indonesia Open"]
[Site "Jakarta INA"]
[Date "2011.10.17"]
[Round "6.19"]
[White "Sukandar,I"]
[Black "Grigoryan,K2"]
[Result "0-1"]
[WhiteElo "2330"]
[BlackElo "2473"]

1.e4 c5 2.Nf3 Nc6 3.d4 cxd4 4.Nxd4 Nf6 5.Nc3 d6 6.Bg5 e6 7.Qd2 Qb6 8.Bxf6 gxf6
9.Nb3 a6 10.O-O-O Bd7 11.f4 O-O-O 12.Be2 h5 13.Rhf1 Be7 14.Rf3 Rdg8 15.Bf1 Kb8
16.Kb1 h4 17.a3 Rh5 18.Rd3 Na5 19.Qe2 Rgh8 20.Nxa5 Rxa5 21.Qg4 f5 22.Qg7 Rf8
23.exf5 Rxf5 24.g3 Rc8 25.Qd4 Qxd4 26.Rxd4 hxg3 27.hxg3 Rh5 28.Ne4 d5 29.Nd2 Rg8
30.g4 Rh1 31.Be2 Rh2 32.Bf3 Bb5 33.c4 Bf6 34.Rd3 dxc4 35.Rd6 Ka7 36.Ne4 Bxb2
37.Nc5 c3 38.Rd7 c2+ 39.Ka2 Bc4+  0-1

[Event "49th ch-IND NatA"]
[Site "Aurangabad IND"]
[Date "2011.10.19"]
[Round "11"]
[White "Adhiban,B"]
[Black "Ashwin,J"]
[Result "1/2-1/2"]
[WhiteElo "2551"]
[BlackElo "2473"]

1.e4 c5 2.Nf3 d6 3.d4 cxd4 4.Nxd4 Nf6 5.Nc3 Nc6 6.Bg5 e6 7.Qd2 a6 8.O-O-O Bd7
9.f3 Be7 10.Kb1 Qc7 11.g4 h5 12.gxh5 O-O-O 13.h4 Be8 14.Bh3 Kb8 15.Nxc6+ Bxc6
16.Qd4 Rxh5 17.Be3 Kc8 18.Bg5 Kb8 19.Be3 Kc8 20.Bg5 Kb8  1/2-1/2

[Event "TCh-AUT 2 Mitte 2011-12"]
[Site "St Valentin AUT"]
[Date "2011.10.21"]
[Round "1"]
[White "Halvax,G"]
[Black "Wittmann,W"]
[Result "0-1"]
[WhiteElo "2326"]
[BlackElo "2300"]

1.e4 c5 2.Nf3 d6 3.d4 cxd4 4.Nxd4 Nf6 5.Nc3 Nc6 6.Bg5 e6 7.Qd2 Be7 8.O-O-O Nxd4
9.Qxd4 O-O 10.f4 h6 11.h4 Qa5 12.Qe3 Rd8 13.Be2 Bd7 14.Qg3 Kf8 15.e5 dxe5
16.fxe5 hxg5 17.hxg5 Ng8 18.Rh8 Rac8 19.g6 Be8 20.Rdh1 Rxc3 21.gxf7 Bxf7
22.Qxc3 Bg5+ 23.Kb1 Qxc3 24.bxc3 Rd5 25.Bd3 Rxe5 26.Rf1 Rc5 27.g4 Bf6 28.Bh7 Rb5+
29.Kc1 Bg5+ 30.Kd1 Rb1+ 31.Ke2 Rxf1 32.Kxf1 Bf6 33.Be4 b6 34.Ke2 Bxc3 35.Rh3 Bb4
36.g5 e5 37.a3 Bc5 38.a4 a5 39.Kd3 g6 40.Bc6 Ne7 41.Bb5 Bd5 42.Rh8+ Kf7 43.Rd8 e4+
44.Ke2 Ke6 45.Rf8 Ke5 46.Rf6 Be6 47.c3 Nd5  0-1

[Event "Chinese League"]
[Site "Qingdao CHN"]
[Date "2011.10.27"]
[Round "14"]
[White "Yu Ruiyuan"]
[Black "Gao Rui"]
[Result "1-0"]
[WhiteElo "2439"]
[BlackElo "2435"]

1.e4 c5 2.Nf3 Nc6 3.d4 cxd4 4.Nxd4 Nf6 5.Nc3 d6 6.Bg5 e6 7.Qd2 a6 8.O-O-O h6
9.Be3 Be7 10.f4 Nxd4 11.Bxd4 b5 12.Bd3 b4 13.Ne2 Qa5 14.Kb1 e5 15.Be3 Be6
16.Nc1 O-O 17.f5 Bd7 18.Bxh6 gxh6 19.Qxh6 Nh7 20.h4 Rfc8 21.Rh3 Kh8 22.g4 Rg8
23.g5 Qb6 24.Bc4 Rac8 25.Bxf7 Qf2 26.Bb3 a5 27.Rhd3 Qg2 28.R1d2 Qxe4 29.Bxg8 Kxg8
30.Qg6+ Kh8 31.Qf7 Bxf5 32.Qxe7 Qc4 33.Rxd6 Bxc2+ 34.Ka1 Rf8 35.Rd7 Rg8 36.Qxe5+  1-0

[Event "26th Le Touquet Open"]
[Site "Le Touquet FRA"]
[Date "2011.10.28"]
[Round "9.3"]
[White "Burg,T"]
[Black "Bernard,Ch1"]
[Result "1/2-1/2"]
[WhiteElo "2462"]
[BlackElo "2327"]

1.e4 c5 2.Nf3 d6 3.d4 cxd4 4.Nxd4 Nf6 5.Nc3 Nc6 6.Bg5 e6 7.Qd2 a6 8.O-O-O Bd7
9.f3 Be7 10.h4 b5 11.Nxc6 Bxc6 12.Ne2 Rc8 13.Nd4 h6 14.Be3 Bb7 15.g4 Nd7
16.Be2 Ne5 17.g5 h5 18.Kb1 g6 19.b3 Qc7 20.Qe1 O-O 21.Bc1 Nd7 22.Bd3 Nc5
23.Bb2 e5 24.Ne2 d5 25.exd5 Nxd3 26.cxd3 Bxd5 27.Rf1 b4 28.Ng3 Bd6 29.Rc1 Qd7
30.Ne4 Rxc1+ 31.Qxc1 Bxe4 32.dxe4 Rc8 33.Qd2 Qh3 34.Rd1 Bf8 35.f4 Qf3 36.fxe5 Qxe4+
37.Qd3 Qxd3+ 38.Rxd3 Bc5 39.Rd7 Bf2 40.e6 fxe6 41.Rg7+ Kf8 42.Rxg6 Bxh4 43.Rh6 Ke7
44.Rxh5 Bg3 45.g6 Rg8 46.g7 e5 47.Bxe5 Bxe5 48.Rxe5+ Kf6 49.Ra5 Rxg7 50.Rxa6+ Ke5
51.Rc6 Kd5 52.Rc4 Rg1+ 53.Kb2 Rg2+ 54.Kb1 Rg1+ 55.Kb2 Rg2+ 56.Rc2 Rg7 57.a3 bxa3+
58.Kxa3 Ra7+ 59.Kb2 Rb7 60.Rc4 Rb6 61.Ka3 Rb8 62.Rc7 Ra8+ 63.Kb4 Rb8+ 64.Ka3 Ra8+
65.Kb2 Rb8 66.Rc4 Rb6 67.Kc3 Rg6 68.Rc7 Rb6 69.Rc8 Kd6 70.Kb2 Kd7 71.Rc4 Kd6
72.Kc3 Kd5 73.Rc8 Kd6 74.Rc4 Kd5 75.Rh4 Rg6 76.Kb4 Kc6 77.Ka5 Kb7 78.Rh7+ Kb8
79.b4 Rf6 80.Kb5 Rg6 81.Rf7 Rh6 82.Ka5 Rg6 83.b5 Rh6 84.Rd7 Rg6 85.b6 Rg1
86.Rd5 Rb1 87.Ka6 Ra1+ 88.Kb5 Rb1+ 89.Kc6 Rc1+ 90.Rc5 Rxc5+ 91.Kxc5 Kb7 92.Kb5 Kb8
93.Kb4 Kc8 94.Kc4 Kb7 95.Kc5 Kb8 96.Kd6 Kb7 97.Kc5 Kb8 98.Kb4 Kc8 99.Ka4 Kb8
100.Kb5 Kb7  1/2-1/2

[Event "Frauenbundesliga 2011-12"]
[Site "Germany GER"]
[Date "2011.10.29"]
[Round "1.3"]
[White "Arakhamia Grant, Ketevan"]
[Black "Gara, Ticia"]
[Result "0-1"]
[WhiteElo "2456"]
[BlackElo "2375"]

1.e4 c5 2.Nf3 d6 3.d4 cxd4 4.Nxd4 Nf6 5.Nc3 Nc6 6.Bg5 e6 7.Qd2 a6 8.O-O-O Bd7
9.f3 b5 10.Nxc6 Bxc6 11.h4 Qc7 12.h5 Rc8 13.Bd3 h6 14.Bxf6 gxf6 15.Rhe1 Be7
16.Kb1 Qb6 17.Ne2 Qc5 18.g4 Bd8 19.c3 Qg5 20.f4 Qxg4 21.Nd4 Qxh5 22.b4 Rg8
23.Rh1 Qg4 24.Rxh6 Qg2 25.Qxg2 Rxg2 26.e5 Bd5 27.Rh8+ Kd7 28.Nxb5 axb5 29.Bxb5+ Kc7
30.exd6+ Kb6 31.c4 Be4+ 32.Ka1 f5 33.Rh6 Ra8 34.a4 Bc6 35.a5+ Kb7 36.d7 Bxb5
37.cxb5 Rf2 38.Rc1 Bxa5 39.bxa5 Rxa5+ 40.Kb1 Rxb5+ 41.Ka1 Rd2 42.Rh8 Rxd7
43.Rcc8 Rc7 44.Ra8 Kc6 45.Ra4 Rbb7 46.Rha8 Rb5 47.Rd8 Kc5 48.Rda8 Rb4 49.R8a5+ Kc4
50.Ra3 Rcb7 51.Re3 Rb1+ 52.Ka2 R7b2+ 53.Ka3 Rb3+ 54.Rxb3 Rxb3+ 55.Ka2 Rf3
56.Ra7 Kd3  0-1

[Event "World Youth U16 Ol"]
[Site "Kocaeli TUR"]
[Date "2011.10.29"]
[Round "7.12"]
[White "Orujov,S"]
[Black "Khomeriki,N"]
[Result "1-0"]
[WhiteElo "2210"]
[BlackElo "1903"]

1.e4 c5 2.Nf3 d6 3.d4 cxd4 4.Nxd4 Nf6 5.Nc3 Nc6 6.Bg5 e6 7.Qd2 Bd7 8.O-O-O Be7
9.Ndb5 O-O 10.Nxd6 Qb8 11.f4 Rd8 12.e5 Ne8 13.Bxe7 Nxe7 14.Nxe8 Bxe8 15.Bd3 b5
16.Qf2 Qb7 17.Be4 Bc6 18.Bxc6 Qxc6 19.Rxd8+ Rxd8 20.Rd1 Rxd1+ 21.Nxd1 Ng6
22.g3 Qh1 23.c3 h6 24.b3 a6 25.Qd2 Qf3 26.Kc2 h5 27.c4 bxc4 28.bxc4 h4 29.Qf2 Qe4+
30.Kc3 hxg3 31.hxg3 Ne7 32.Ne3 Nc6 33.Nc2 a5 34.a3 Ne7 35.Qe3 Qc6 36.Qd3 Nd5+
37.Kd2 Nb6 38.Ne3 a4 39.Ke2 Nd7 40.Qd6 Qb7 41.Kf2 Qb2+ 42.Kf3 Nf8 43.Qb4 Qb3
44.Qxb3 axb3 45.Nd1 Nd7 46.Ke3 Nc5 47.Nb2 Kf8 48.Kd4 Nb7 49.c5 Na5 50.Kc3 Ke7
51.Kb4 Nc6+ 52.Kxb3 Kd7 53.Kc4 Kc7 54.Nd3 Ne7 55.g4 Nd5 56.Kd4 g6 57.f5 gxf5
58.gxf5 Ne7 59.f6 Nd5 60.Nb4 Nf4 61.Ke3 Ng6 62.Ke4 Nh4 63.a4 Nf5 64.Nd5+ Kb8
65.Ne7 Ng3+ 66.Kd3 Kc7 67.a5 Nh5 68.a6 Nf4+ 69.Ke3 Ng2+ 70.Ke4 Ne1 71.a7 Kb7
72.c6+ Kxa7 73.c7  1-0

[Event "12th Liberec Open"]
[Site "Liberec CZE"]
[Date "2011.10.29"]
[Round "9"]
[White "Moehn,H"]
[Black "Vlasak,Lu"]
[Result "1/2-1/2"]
[WhiteElo "2064"]
[BlackElo "2319"]

1.e4 c5 2.Nf3 Nc6 3.d4 cxd4 4.Nxd4 Nf6 5.Nc3 d6 6.Bg5 e6 7.Qd2 Bd7 8.O-O-O a6
9.f3 h6 10.Be3 b5 11.Nxc6 Bxc6 12.Ne2 Qc7 13.Kb1 Rd8 14.h4 Be7 15.Nd4 Bb7
16.Bd3 Nd7 17.Bxb5 axb5 18.Nxb5 Qb8 19.Nxd6+ Bxd6 20.Qxd6 Qxd6 21.Rxd6 Ne5
22.Rxd8+ Kxd8 23.b3 Nc6 24.Bb6+ Kc8 25.Kb2 f5 26.exf5 exf5 27.Re1 Kd7 28.Rd1+ Kc8
29.Re1 Kd7  1/2-1/2

[Event "TCh-HUN 2011-12"]
[Site "Budapest HUN"]
[Date "2011.10.30"]
[Round "2"]
[White "Palotai,P"]
[Black "Borcsok,L"]
[Result "1-0"]
[WhiteElo "2095"]
[BlackElo "2105"]

1.e4 c5 2.Nf3 Nc6 3.d4 cxd4 4.Nxd4 Nf6 5.Nc3 d6 6.Bg5 h6 7.Bh4 g5 8.Bg3 Bg7
9.Nxc6 bxc6 10.e5 Nd5 11.Nxd5 cxd5 12.Qxd5 Be6 13.Bb5+ Kf8 14.Qd2 Qb6 15.Ba4 Qxb2
16.O-O dxe5 17.Rad1 Qxa2 18.Qd8+  1-0

[Event "19th Skopje Open"]
[Site "Skopje MKD"]
[Date "2011.10.30"]
[Round "7"]
[White "Ilic,Ljubo"]
[Black "Stojkovska,M"]
[Result "1-0"]
[WhiteElo "2203"]
[BlackElo "1927"]

1.e4 c5 2.Nf3 d6 3.d4 cxd4 4.Nxd4 Nf6 5.Nc3 Nc6 6.Bg5 e6 7.Qd2 Qb6 8.Bxf6 gxf6
9.Nb3 a6 10.Be2 h5 11.O-O Bd7 12.Kh1 O-O-O 13.f4 Be7 14.Rad1 Kb8 15.Bf3 Rdg8
16.Ne2 Rc8 17.c4 Rc7 18.Rc1 Nb4 19.a3 Na2 20.Na5 Nxc1 21.Rxc1 h4 22.h3 Bc8
23.b4 Rd8 24.Qe1 Rh8 25.Nc3 Bd7 26.Rd1 Bc6 27.Qd2 Rg8 28.Ne2 f5 29.Nxc6+ Rxc6
30.exf5 Rxc4 31.fxe6 fxe6 32.f5 Qc7 33.fxe6 Rc2 34.Qd3 Rg7 35.b5 axb5 36.Qxb5 Rc5
37.Qb2 Bg5 38.Rb1 Re7 39.Qb3 Qc8 40.Bd5 Bf6 41.a4 Rec7 42.Rf1 Be5 43.Qf3 Rc2
44.Qe4 R7c5 45.e7 Rxd5 46.Qxd5 Rxe2 47.Qb5 Rb2 48.Qxb2 Qd7 49.Rf8+ Ka7 50.Qf2+  1-0

[Event "19th Skopje Open"]
[Site "Skopje MKD"]
[Date "2011.11.01"]
[Round "9"]
[White "Draganic,V"]
[Black "Stojkovska,M"]
[Result "0-1"]
[WhiteElo "2295"]
[BlackElo "1927"]

1.e4 c5 2.Nf3 d6 3.d4 cxd4 4.Nxd4 Nf6 5.Nc3 Nc6 6.Bg5 e6 7.Qd2 Qb6 8.Nb3 a6
9.O-O-O Bd7 10.f3 Be7 11.h4 h6 12.Be3 Qc7 13.g4 O-O-O 14.Qf2 Rdg8 15.Bb6 Qb8
16.Be2 Be8 17.Kb1 Nd7 18.Be3 Qc7 19.f4 g5 20.hxg5 hxg5 21.e5 dxe5 22.fxe5 Qxe5
23.Rxh8 Rxh8 24.Bd4 Nxd4 25.Rxd4 Rh1+ 26.Bd1 Kb8 27.a4 Nf6 28.a5 Bc6 29.Qd2 Nd5
30.Nxd5 Bxd5 31.Qc3 f6 32.Nc5 Bxc5 33.Qxc5 Ba2+  0-1

[Event "38th ch-IND w 2011"]
[Site "Chennai IND"]
[Date "2011.11.02"]
[Round "5"]
[White "Pon,N"]
[Black "Nimmy,A"]
[Result "0-1"]
[WhiteElo "2044"]
[BlackElo "2252"]

1.e4 c5 2.Nf3 d6 3.d4 cxd4 4.Nxd4 Nf6 5.Nc3 Nc6 6.Bg5 e6 7.Qd2 a6 8.O-O-O h6
9.Nxc6 bxc6 10.Bf4 d5 11.Qe3 Be7 12.Be2 O-O 13.h4 Re8 14.Qg3 Kh8 15.Bc7 Qd7
16.Be5 Qb7 17.Rd3 Rg8 18.Qf4 Kh7 19.Na4 dxe4 20.Bxf6 gxf6 21.Rb3 Qa7 22.Qxe4+ f5
23.Qf4 Rxg2 24.Nb6 Rb8 25.Qf3 Rg8 26.Qxc6 Qb7 27.Qxb7 Bxb7 28.Rd1 Bc6 29.Bxa6 Bxh4
30.f4 Rg3 31.Bd3 Kg7 32.a4 Bd8 33.a5 h5 34.Be2 Rxb3 35.cxb3 h4 36.Nd7 Rc8
37.Ne5 Bf3+ 38.Kd2 Bxa5+ 39.Ke3 Bxe2 40.Kxe2 Rc2+ 41.Kd3 Rxb2 42.Kc4 h3 43.Rh1 h2
44.Nf3 Rf2 45.Nxh2 Rxf4+ 46.Kb5 Bc3 47.Rb1 e5 48.Nf1 Rb4+ 49.Kc5 f4 50.Rc1 Rxb3
51.Kc4 Bb2 52.Rb1 Rb6 53.Nd2 Bd4 54.Rh1 Be3 55.Nf3 e4 56.Ng5 f5 57.Kd5 Kg6
58.Nxe4 fxe4 59.Kxe4 Kg5 60.Kf3 Bc5 61.Rd1 Rb3+ 62.Kg2 Kg4 63.Rd5 f3+ 64.Kh2 Rb2+
65.Kh1 Rb1+ 66.Kh2 Bg1+  0-1

[Event "38th ch-IND w 2011"]
[Site "Chennai IND"]
[Date "2011.11.07"]
[Round "9"]
[White "Michelle Catherina,P"]
[Black "Kiran,M"]
[Result "1/2-1/2"]
[WhiteElo "2088"]
[BlackElo "2213"]

1.e4 c5 2.Nf3 Nc6 3.d4 cxd4 4.Nxd4 Nf6 5.Nc3 d6 6.Bg5 e6 7.Qd2 Be7 8.O-O-O Nxd4
9.Qxd4 O-O 10.f3 Qa5 11.h4 Bd7 12.Kb1 b5 13.Qd2 b4 14.Ne2 e5 15.c4 bxc3 16.Nxc3 Rfc8
17.Nd5 Qxd2 18.Nxe7+ Kf8 19.Rxd2 Kxe7 20.Ba6 Rd8 21.Rc1 Be6 22.Be3 d5 23.Bb7 Rab8
24.Bc5+ Ke8 25.Bc6+ Bd7 26.Bxa7 Rb4 27.Bxd5 Nxd5 28.Rxd5 Be6 29.Rxd8+ Kxd8
30.b3 f5 31.Bc5 Rb7 32.Rd1+ Ke8 33.exf5 Bxf5+ 34.Kb2 Rd7 35.Rxd7 Kxd7 36.Kc3 Kc6
37.Be3 Kd5 38.Bd2 h5 39.Bg5 g6 40.Be3 Bc8 41.b4 Ba6 42.a4 Bf1 43.g3 Be2 44.f4 exf4
45.Bxf4 Bd1 46.a5 Be2 47.Kd2 Bc4 48.Ke3 Kc6 49.Kd4 Be2 50.Ke5 Kb5 51.Kf6 Kxb4
52.Bd2+ Kb5 53.Kxg6 Bg4  1/2-1/2

[Event "Zakopane Open"]
[Site "Zakopane POL"]
[Date "2011.11.07"]
[Round "2"]
[White "Pietruszewski,M"]
[Black "Swiderski,Ra"]
[Result "1/2-1/2"]
[WhiteElo "2149"]
[BlackElo "1816"]

1.e4 c5 2.Nf3 Nc6 3.d4 cxd4 4.Nxd4 Nf6 5.Nc3 d6 6.Bg5 Bd7 7.Qd2 Rc8 8.Nxc6 Bxc6
9.f3 Qa5 10.O-O-O Bd7 11.Kb1 Be6 12.a3 a6 13.f4 Rxc3 14.Bxf6 Rxa3 15.bxa3 Qxd2
16.Rxd2 gxf6 17.g3 Bd7 18.Bg2 Bc6 19.c4 e6 20.Ka2 h5 21.h4 Rg8 22.Rh3 Ke7
23.Kb3 Bh6 24.Re2 f5 25.exf5 Bxg2 26.Rxg2 Bxf4 27.fxe6 fxe6 28.Rh1 Rxg3+
29.Rxg3 Bxg3 30.Kc2 e5 31.Kd3 Ke6 32.Ke4 b5 33.cxb5 axb5 34.Kf3 Bf4 35.Rb1 d5
36.Rxb5 Bc1 37.a4 e4+ 38.Ke2 d4 39.a5 d3+ 40.Ke1 e3 41.Rb3 Bd2+ 42.Kd1 Bxa5
43.Rxd3 Bd2 44.Rd8 Ba5 45.Rd3 Bd2 46.Rd8 Bc3 47.Re8+ Kf5 48.Rxe3 Bf6 49.Rf3+ Kg6
50.Rf4 Be5 51.Ra4 Kf5 52.Ke2 Bf6 53.Kf3 Bd8 54.Rf4+ Kg6 55.Ke4 Bc7 56.Rf8 Kg7
57.Rf5 Kg6 58.Rg5+ Kh6 59.Kf5 Bd8 60.Rg6+ Kh7 61.Rg1 Kh6 62.Rg8 Bxh4 63.Rh8+ Kg7
64.Rxh5 Bd8 65.Rh1 Be7 66.Ra1 Bc5 67.Rb1 Kf7 68.Rb5 Ba3 69.Rb3 Bc5 70.Rb7+ Be7
71.Ra7 Kf8 72.Ke6 Bg5 73.Rh7 Kg8 74.Rb7 Kf8 75.Rf7+ Kg8 76.Rf1 Bd8 77.Rd1 Bh4
78.Rh1 Bd8 79.Rd1 Bh4 80.Rd4 Be1 81.Re4 Bc3 82.Re3 Bb2 83.Rg3+ Kf8 84.Rg2 Bc3
85.Rc2 Bd4 86.Rc7 Bb2 87.Rb7 Bc3 88.Rf7+ Kg8 89.Rf3 Bb2 90.Ke7 Kg7 91.Rg3+ Kh6
92.Kf7 Bd4 93.Ke6 Bb2 94.Kf5 Bd4 95.Rg6+ Kh7 96.Rd6 Bc3 97.Kg5 Kg7 98.Rd7+ Kf8
99.Kg6 Bb2 100.Rb7  1/2-1/2

[Event "Zakopane Open"]
[Site "Zakopane POL"]
[Date "2011.11.07"]
[Round "3"]
[White "Nasuta,G"]
[Black "Wisniowska,K"]
[Result "1-0"]
[WhiteElo "2230"]
[BlackElo "2100"]

1.e4 c5 2.Nf3 d6 3.d4 cxd4 4.Nxd4 Nf6 5.Nc3 Nc6 6.Bg5 e6 7.Qd2 a6 8.O-O-O Bd7
9.f3 Be7 10.h4 h6 11.Be3 h5 12.Bg5 Ne5 13.Be2 b5 14.f4 b4 15.Nb1 Nc6 16.Bf3 Rc8
17.Nxc6 Bxc6 18.Bxf6 gxf6 19.Qxb4 d5 20.Qd4 Qc7 21.exd5 Bxd5 22.Nc3 Bc4 23.Kb1 Rh6
24.f5 a5 25.Ne4 Bd5 26.c3 Kf8 27.Rhf1 Rd8 28.Qe3 Rh7 29.fxe6 Qe5 30.Qe2 Qxe6
31.b3 Rb8 32.Rxd5 Qxd5 33.Ng5 Rxb3+ 34.Ka1  1-0

[Event "38th ch-IND w 2011"]
[Site "Chennai IND"]
[Date "2011.11.08"]
[Round "10"]
[White "Padmini,R"]
[Black "Kiran,M"]
[Result "1/2-1/2"]
[WhiteElo "2356"]
[BlackElo "2213"]

1.e4 c5 2.Nc3 d6 3.Nge2 Nc6 4.d4 cxd4 5.Nxd4 Nf6 6.Bg5 e6 7.Qd2 Be7 8.O-O-O Nxd4
9.Qxd4 O-O 10.f3 a6 11.h4 b5 12.g4 Bb7 13.a3 Rc8 14.Kb1 Qc7 15.Bc1 Nd7 16.h5 Qc5
17.Qxc5 Nxc5 18.Rh2 Bf6 19.Ne2 Rfd8 20.Bf4 e5 21.Be3 d5 22.Bxc5 Rxc5 23.Ng3 Bg5
24.Re2 Kf8 25.Rg2 Rcc8 26.Bd3 Bf4 27.exd5 Bxd5 28.Rf1 h6 29.Ne4 Rb8 30.Nc3 Be6
31.Ne2 Be3 32.f4 b4 33.a4 b3 34.Rg3 bxc2+ 35.Bxc2 Ba7 36.Nc3 Rb4 37.fxe5 Rdb8
38.b3 Bxb3 39.Bxb3 Rxb3+ 40.Kc2 Rb2+ 41.Kc1 Bd4 42.e6 Bf6 43.Rff3 Bg5+ 44.Kd1 Rd8+
45.Rd3 Rd2+ 46.Rxd2 Rxd2+ 47.Ke1 Rd4 48.Rf3 Bd2+ 49.Ke2 Bxc3 50.Rxc3 fxe6
51.g5 hxg5 52.Rc6 Rxa4 53.Rxe6 a5 54.Kf2 Rf4+ 55.Kg3 Rf6 56.Re4 Ra6 57.Ra4 Kf7
58.Kg4 Kf6 59.Kf3 Kf5 60.Kg3 Ra8 61.Kf3 Ra7 62.Kg3 g4 63.Kh4 g3 64.Kxg3 Kg5
65.Kf3 Kxh5 66.Kf4 Kh4 67.Kf5+ Kg3 68.Ke5 Kf3 69.Kd5 g5 70.Ke5 g4 71.Ra3+ Ke2
72.Kf4 a4 73.Kxg4 Kd2 74.Kf4 Kc2 75.Ke4 Kb2 76.Rh3 Rd7 77.Rh2+ Kb3 78.Rh3+ Kb4
79.Rh8 Kb3 80.Rb8+ Ka2 81.Ke3 Rd1 82.Ke2 Rb1 83.Rc8 Rb5 84.Kd2 Kb2 85.Rc2+ Kb3
86.Rc3+ Kb4 87.Kc2 Rh5 88.Rg3 Rh4 89.Kb2 a3+ 90.Ka2 Rh2+ 91.Ka1 Rd2 92.Rg8 Kb3
93.Rb8+ Kc2 94.Rc8+ Kb3 95.Rb8+ Kc2 96.Rc8+ Kb3 97.Rb8+  1/2-1/2

[Event "38th ch-IND w 2011"]
[Site "Chennai IND"]
[Date "2011.11.09"]
[Round "11"]
[White "Soumya,Sw"]
[Black "Nimmy,A"]
[Result "1-0"]
[WhiteElo "2318"]
[BlackElo "2252"]

1.e4 c5 2.Nf3 d6 3.d4 cxd4 4.Nxd4 Nf6 5.Nc3 Nc6 6.Bg5 e6 7.Qd2 a6 8.O-O-O h6
9.Be3 Bd7 10.f3 b5 11.Nxc6 Bxc6 12.Ne2 Be7 13.Kb1 Qc7 14.h4 Rc8 15.Rh3 Nd7
16.Nd4 Bb7 17.Nb3 Ne5 18.Bd4 O-O 19.g4 d5 20.f4 Nc4 21.Qf2 dxe4 22.Bxc4 bxc4
23.Bb6 Qb8 24.Nc1 Bd5 25.g5 h5 26.Ne2 Qb7 27.f5 Rb8 28.Bd4 Bc5 29.b3 Bxd4
30.Qxd4 cxb3 31.axb3 Rbd8 32.Nf4 Qb8 33.Nxh5 e5 34.Qg1 Qb7 35.Nf6+ Kh8 36.Qg4 g6
37.h5 Kg7 38.hxg6 Rh8 39.Rxh8 Rxh8 40.Nxd5  1-0

[Event "2nd Brno Open"]
[Site "Brno CZE"]
[Date "2011.11.13"]
[Round "2"]
[White "Perdek,M"]
[Black "Vermirovsky,V"]
[Result "0-1"]
[WhiteElo "2233"]
[BlackElo "1991"]

1.e4 c5 2.Nf3 d6 3.d4 cxd4 4.Nxd4 Nf6 5.Nc3 Nc6 6.Bg5 e6 7.Qd2 a6 8.O-O-O h6
9.Be3 Be7 10.f4 Bd7 11.Bd3 b5 12.h3 Nxd4 13.Bxd4 b4 14.Ne2 Qa5 15.Kb1 e5
16.Be3 Be6 17.Nc1 O-O 18.g4 exf4 19.Bxf4 d5 20.Nb3 Qa4 21.e5 Ne4 22.Qe3 Rac8
23.Bxe4 dxe4 24.Qxe4 Rc4 25.Nd4 Qxa2+ 26.Kc1 Rd8  0-1

[Event "5th Mediterranean Open"]
[Site "Rijeka CRO"]
[Date "2011.11.14"]
[Round "4.22"]
[White "Lakovic,Igor"]
[Black "Leskur,D"]
[Result "0-1"]
[WhiteElo "1983"]
[BlackElo "2416"]

1.e4 c5 2.Nf3 d6 3.d4 cxd4 4.Nxd4 Nf6 5.Nc3 Nc6 6.Bg5 Qb6 7.Nb3 e6 8.Bd3 Be7
9.O-O O-O 10.Qe2 a6 11.Rae1 Nb4 12.Kh1 e5 13.f4 exf4 14.Rxf4 Be6 15.Ref1 Nxd3
16.cxd3 Rfe8 17.Rh4 Nd7 18.Bxe7 Rxe7 19.Qh5 Nf8 20.Nd5 Bxd5 21.Qxd5 Ng6 22.Rh3 Rf8
23.Qh5 h6 24.Rg3 Re5 25.Rf5 Rxf5 26.exf5 Qf2 27.Qd1 Re8  0-1

[Event "5th Mediterranean Open"]
[Site "Rijeka CRO"]
[Date "2011.11.17"]
[Round "7.19"]
[White "Ionica,I"]
[Black "Levar,N"]
[Result "1/2-1/2"]
[WhiteElo "2201"]
[BlackElo "2093"]

1.e4 c5 2.Nf3 Nc6 3.d4 cxd4 4.Nxd4 Nf6 5.Nc3 d6 6.Bg5 e6 7.Qd2 a6 8.O-O-O Bd7
9.f3 Be7 10.Be3 Qc7 11.g4 Ne5  1/2-1/2

[Event "TCh-FIN SM-Liiga 2011-12"]
[Site "Espoo FIN"]
[Date "2011.11.19"]
[Round "5.3"]
[White "Valli,F"]
[Black "Maki Uuro,Mi"]
[Result "1/2-1/2"]
[WhiteElo "2260"]
[BlackElo "2323"]

1.e4 c5 2.Nf3 d6 3.d4 cxd4 4.Nxd4 Nf6 5.Nc3 Nc6 6.Bg5 e6 7.Qd2 a6 8.O-O-O Bd7
9.f4 h6 10.Bh4 g5 11.fxg5 Ng4 12.Nxc6 Bxc6 13.Qf4 hxg5 14.Bxg5 Qxg5 15.Qxg5 Bh6
16.Qxh6 Rxh6 17.Rxd6 Nf2 18.Rg1 Rxh2 19.Rd4 Ke7 20.Be2 Rg8 21.Bf3 f5 22.Re1 Nxe4
23.Nxe4 Bxe4 24.Bxe4 fxe4 25.Rdxe4 Rhxg2 26.Rxe6+ Kd7 27.Re7+ Kc8 28.R1e5 R2g5
29.Rxg5 Rxg5 30.c4 Rg4 31.b3 Rg2 32.Kb1 a5 33.Re5 b6 34.Re7 Kb8 35.a3 Rh2
36.Rd7 Rg2 37.Kc1 Rh2 38.Rd2 Rh3 39.Kc2 Kc7 40.Rd3 Rh1 41.Kc3 Kc6 42.Re3 Rc1+
43.Kd4 Rd1+ 44.Rd3 Rh1 45.Re3 Rd1+ 46.Ke5 Kc5 47.Ke6 Rd4 48.Rg3 a4 49.Rg5+ Kc6
50.b4 Re4+ 51.Re5 Rxc4 52.b5+ Kc7 53.Rh5 Rc3 54.Rh7+ Kb8 55.Rh8+  1/2-1/2

[Event "21st World Seniors"]
[Site "Rijeka CRO"]
[Date "2011.11.19"]
[Round "5.15"]
[White "Van Riemsdijk,H"]
[Black "Singer,H"]
[Result "1-0"]
[WhiteElo "2404"]
[BlackElo "2254"]

1.e4 c5 2.Nf3 d6 3.d4 cxd4 4.Nxd4 Nf6 5.Nc3 Nc6 6.Bg5 Bd7 7.Be2 Qa5 8.Bxf6 gxf6
9.O-O Bg7 10.Nd5 Rc8 11.Nf5 Bxf5 12.exf5 O-O 13.b4 Qd8 14.b5 Ne5 15.f4 Nd7
16.Rf3 e6 17.Ne3 Qe7 18.Bd3 Rfe8 19.Rg3 Kh8 20.Qh5 e5 21.Nd5 Qf8 22.Rh3 h6
23.Qf3 Nc5 24.Bf1 Kh7 25.a4 exf4 26.c4 Re5 27.Qxf4 Re4 28.Qd2 Qe8 29.Nxf6+  1-0

[Event "WYCC U14 Open"]
[Site "Caldas Novas BRA"]
[Date "2011.11.20"]
[Round "3"]
[White "Duda,J"]
[Black "Sosa,Tomas"]
[Result "1-0"]
[WhiteElo "2379"]
[BlackElo "2132"]

1.e4 c5 2.Nf3 d6 3.d4 cxd4 4.Nxd4 Nf6 5.Nc3 Nc6 6.Bg5 Bd7 7.Be2 Qa5 8.Bxf6 gxf6
9.O-O Nxd4 10.Qxd4 Rc8 11.Kh1 Qc5 12.Qd1 f5 13.exf5 Bxf5 14.Bg4 h5 15.Bxf5 Qxf5
16.Qd4 Rg8 17.Qxa7 b5 18.Rfe1 h4 19.Qb7 h3 20.Nd5 hxg2+ 21.Kg1 e5 22.Nf6+ Qxf6
23.Qxc8+ Ke7 24.a4 b4 25.a5 Rh8 26.a6 Qf4 27.Qb7+ Kf6 28.Qxg2  1-0

[Event "WYCC U14 Open"]
[Site "Caldas Novas BRA"]
[Date "2011.11.20"]
[Round "3"]
[White "Tan,Ju2"]
[Black "Alekseenko,K"]
[Result "1-0"]
[WhiteElo "2160"]
[BlackElo "2351"]

1.e4 c5 2.Nf3 Nc6 3.d4 cxd4 4.Nxd4 Nf6 5.Nc3 d6 6.Bg5 e6 7.Qd2 a6 8.O-O-O Bd7
9.f3 Be7 10.Be3 h5 11.h3 b5 12.Bd3 h4 13.f4 Rc8 14.Nf3 Nb4 15.Kb1 Bc6 16.Qe1 Qc7
17.Bf2 d5 18.e5 Nd7 19.f5 Nxd3 20.cxd3 d4 21.Nxd4 Qxe5 22.Qd2 b4 23.Nce2 O-O
24.Rhe1 Qf6 25.Nxc6 Rxc6 26.Nd4 Rd6 27.fxe6 Nc5 28.Qe3 Nxe6 29.Nf3 g5 30.d4 Rfd8
31.Qe4 Rd5 32.Bg1 Qf5 33.Qxf5 Rxf5 34.Ne5 Bf6 35.Ng4 Bg7 36.Ne3 Rb5 37.d5 Nd4
38.Bh2 Rc5 39.Rc1 Rxc1+ 40.Rxc1 f5 41.Bc7 Rf8 42.d6 Kf7 43.Nd5 Ke6 44.Nxb4 g4
45.Re1+ Kf7 46.Re7+ Kg6 47.d7 Bf6 48.d8=Q Rxd8 49.Bxd8 Bxe7 50.Bxe7 f4 51.hxg4 f3
52.gxf3 h3 53.Bd6 Kg5 54.Nd3 Nxf3 55.Nf2  1-0

[Event "Femida Cup Women"]
[Site "Kharkiv UKR"]
[Date "2011.11.21"]
[Round "2"]
[White "Bezkorovaina,M"]
[Black "Tarleva,V"]
[Result "1-0"]
[WhiteElo "2059"]
[BlackElo "2153"]

1.e4 c5 2.Nf3 d6 3.d4 cxd4 4.Nxd4 Nf6 5.Nc3 Nc6 6.Bg5 e6 7.Qd2 a6 8.O-O-O Be7
9.f4 O-O 10.Kb1 Nxd4 11.Qxd4 Qa5 12.Bc4 h6 13.Bh4 e5 14.Qd3 b5 15.Bb3 b4
16.Bxf6 Bxf6 17.Nd5 Bd8 18.f5 Kh7 19.h4 Qc5 20.g4 Bb7 21.Ne3 a5 22.g5 Qd4
23.Bd5 Qxd3 24.Rxd3 Bxd5 25.Nxd5 h5 26.Rg1 Kg8 27.g6 f6 28.Rgd1 Rc8 29.b3 Rc6
30.Kb2 Re8 31.c3 Bb6 32.Nxb6 Rxb6 33.c4 Kf8 34.Rxd6 Rxd6 35.Rxd6 Rc8 36.a3 bxa3+
37.Kxa3 Ke7 38.Rd5 a4 39.Kxa4 Ra8+ 40.Ra5 Rd8 41.Ra7+ Kf8 42.c5 Rd4+ 43.Kb5 Rxe4
44.c6  1-0

[Event "Egyptian Open 2011"]
[Site "Cairo EGY"]
[Date "2011.11.23"]
[Round "5"]
[White "Eldesoky,H"]
[Black "Ismail,Y"]
[Result "1/2-1/2"]
[WhiteElo "2265"]
[BlackElo "2078"]

1.e4 c5 2.Nf3 d6 3.d4 cxd4 4.Nxd4 Nf6 5.Nc3 Nc6 6.Bg5 e6 7.Qd2 Be7 8.O-O-O a6
9.f4 Qb6 10.Nxc6 bxc6 11.e5 dxe5 12.fxe5 Nd5 13.Bxe7 Kxe7 14.Qg5+ Kf8 15.Na4 Qc7
16.c4 Ne7 17.Qd2 g6 18.Qh6+ Ke8 19.Qg7 Rg8 20.Qf6 c5 21.Bd3 Bd7 22.Nc3 Bc6
23.Rhf1 Nf5 24.Be4 Bxe4 25.Nxe4 h5 26.h3 h4 27.Qg5 Kf8 28.Nf6 Rh8 29.Rxf5 exf5
30.Nd7+ Kg8 31.Rd6 Rh7 32.Nf6+ Kh8 33.Nxh7 Kxh7 34.Qxh4+ Kg8 35.Qf6 Re8 36.e6 fxe6
37.Qxg6+ Kf8 38.Qh6+ Qg7 39.Qxg7+ Kxg7 40.Rxa6 Kf6 41.Rc6 Rg8 42.g4 f4 43.Rxc5 e5
44.a4 Rh8 45.a5 Rxh3  1/2-1/2

[Event "21st World Seniors"]
[Site "Rijeka CRO"]
[Date "2011.11.24"]
[Round "9.18"]
[White "Van Riemsdijk,H"]
[Black "Van den Berg,Ad"]
[Result "1-0"]
[WhiteElo "2404"]
[BlackElo "2218"]

1.e4 c5 2.Nf3 Nc6 3.d4 cxd4 4.Nxd4 Nf6 5.Nc3 d6 6.Bg5 e6 7.Qd2 a6 8.O-O-O Bd7
9.f3 h5 10.h4 Be7 11.Kb1 b5 12.Nxc6 Bxc6 13.Ne2 d5 14.Nd4 Bb7 15.e5 Nd7 16.Bxe7 Qxe7
17.f4 g6 18.Bd3 Rc8 19.Qe2 Qb4 20.c3 Qe7 21.a3 Kf8 22.g4 hxg4 23.Qxg4 Nc5
24.h5 gxh5 25.Rxh5 Rxh5 26.Qxh5 Ke8 27.f5 Kd7 28.Bc2 Kc7 29.f6 Qf8 30.Rg1 Kb6
31.Rg7 Rc7 32.Qg5 Qh8 33.Qg1 Qh6  1-0